000 00569nam a2200217Ia 4500
008 101110s9999 xx 000 0 und d
041 _aENGLISH
082 _bJR5641
100 _aAinapure Varsha, Ainapure Mukund
245 _aBook-Keeping and Accountancy Std-XII
260 _c2007
_bManan prakashan,Mumbai
300 _a477
365 _b77
520 _aCommerce
546 _aENGLISH
630 _aBook-Keeping and Accountancy Std-XII
650 _aCommerce
655 _aCommerce
730 _aBook-Keeping and Accountancy Std-XII
942 _cBOOK
999 _c796436
_d796433